000 00988nam a2200301 c 4500
999 _c82503
_d82503
003 BLK
005 20240715112015.0
008 180408b bul|||||r ||||||| ||bul||
010 _aKNG00087035000
040 _aBLK
041 _aBUL
_cBUL
080 _aБългарска литература
_b821.163.2
_x-93-34
_z821.163.2-93-34
100 1 _aПушкаров, Димитър
_eпърви автор
_9300557
139 _aПушкаров, Димитър
_bП 94
245 1 0 _aМалкият майстор-капитан
_bПриказки за малки и големи деца
_cДимитър Пушкаров.
257 _aBGR
260 _bИзд. авт.
_c2008
300 _a48 с.
_c20 см
380 _aDX
852 _aЦб 242230
852 _aК 821.163.2/П 94 Д
856 4 _qpdf
856 4 _qpdf
942 _cKNG
_n0
_s1
_01
944 _aCR
_c29.12.2008
_lРадостина Карадакова
_k30534
944 _aED
_c14.01.2009
_lф /
999 _d82503